[Event "Martinique-ch"]
[Site "Madiana"]
[Date "2016.05.15"]
[Round "11"]
[White "Coat, Gabriel"]
[Black "Medeuf, Yonhel"]
[Result "0-1"]
[WhiteElo "1327"]
[BlackElo "2038"]
[PlyCount "84"]
[EventDate "2016.05.05"]
[EventType "tourn"]
[EventRounds "11"]
[EventCountry "MFR"]
[SourceTitle "EXT 2019"]
[Source "ChessBase"]
[SourceDate "2018.10.10"]
[SourceVersion "1"]
[SourceVersionDate "2018.10.10"]
[SourceQuality "1"]

1. Nf3 d6 2. d4 Nf6 3. Bf4 g6 4. Nbd2 Bg7 5. g3 Nd5 6. Be3 Nd7 7. Bg2 0-0 8. 0-0 Nxe3 9. fxe3 Nf6 10. Nb3 Ng4 11. Qd3 Bh6 12. e4 d5 13. exd5 Ne3 14. Rf2 Bf5 15. Qc3 Nxd5 16. Qa5 Be3 17. Ne5 c6 18. Bxd5 Qxa5 19. Bxf7+ Rxf7 20. Nxa5 Rf6 21. c3 Bh3 22. Nf3 g5 23. g4 h5 24. Nc4 Bxf2+ 25. Kxf2 hxg4 26. Kg3 gxf3 27. Kxh3 fxe2 28. Re1 Rf2 29. Ne5 Raf8 30. Kg3 Kg7 31. h4 gxh4+ 32. Kxh4 Rg2 33. Kh3 Rg5 34. Ng4 Rf4 35. Nh2 Rf6 36. Ng4 Rfg6 37. Rxe2 Rxg4 38. Rxe7+ Kh6 39. Rxb7 Rg1 40. Kh2 R1g5 41. Rh7+ Kxh7 42. Kh3 Rh6# 0-1

[Event "Martinique-ch 31th"]
[Site "Madiana"]
[Date "2015.05.16"]
[Round "1"]
[White "Medeuf, Jonhel"]
[Black "Medeuf, Yonhel"]
[Result "1/2-1/2"]
[WhiteElo "1844"]
[BlackElo "2049"]
[PlyCount "134"]
[EventDate "2015.05.16"]
[EventType "tourn"]
[EventRounds "11"]
[EventCountry "FRA"]
[SourceTitle "EXT 2016"]
[Source "ChessBase"]
[SourceDate "2015.10.08"]
[SourceVersion "1"]
[SourceVersionDate "2015.10.08"]
[SourceQuality "1"]

1. d4 c5 2. c3 d5 3. Nf3 Nc6 4. Nbd2 cxd4 5. cxd4 Bf5 6. Qa4 e6 7. Ne5 Qa5 8. Qxa5 Nxa5 9. e4 dxe4 10. Bb5+ Ke7 11. b3 Nh6 12. g4 Bxg4 13. Nxe4 f6 14. Nxg4 Nxg4 15. h3 Nh6 16. Bd2 a6 17. Ba4 Nc6 18. Bxc6 bxc6 19. Rc1 Nf5 20. Rxc6 Nxd4 21. Rc7+ Kd8 22. Rc4 Nf3+ 23. Ke2 Nxd2 24. Rd1 Ke7 25. Rc7+ Kd8 26. Rc4 Ke7 27. Rc7+ Kd8 28. Rc4 Ke8 29. Rxd2 Kf7 30. Rd7+ Kg6 31. Rc6 e5 32. Nd2 Bb4 33. Nf3 Rhe8 34. Rcc7 Bf8 35. Nd2 Rad8 36. Rf7 Rc8 37. Nc4 Rxc7 38. Rxc7 Re6 39. Rb7 Bc5 40. Rc7 Bd4 41. Rd7 Rc6 42. Rd6 Rxd6 43. Nxd6 f5 44. b4 Kf6 45. a4 Bc3 46. b5 axb5 47. axb5 Bd4 48. f3 Ke6 49. Ne8 Kf7 50. Nd6+ Ke6 51. Ne8 e4 52. Nc7+ Kd6 53. b6 Kc6 54. Ne6 exf3+ 55. Kxf3 Be5 56. Nf8 h6 57. Ng6 Bd6 58. Nh4 f4 59. Nf5 Be5 60. Ke4 Ba1 61. Kxf4 Kxb6 62. Ne3 Kc6 63. Kf5 Kd6 64. Kg6 Ke5 65. Nf5 Kf4 66. h4 Kg4 67. Nxh6+ gxh6 1/2-1/2

[Event "Martinique-ch 29th"]
[Site "Fort de France"]
[Date "2013.05.22"]
[Round "11"]
[White "Medeuf, Yonhel"]
[Black "Lafortune, Emerick"]
[Result "1-0"]
[WhiteElo "2072"]
[BlackElo "1713"]
[PlyCount "37"]
[EventDate "2013.05.18"]
[EventType "tourn"]
[EventRounds "11"]
[EventCountry "MFR"]
[SourceTitle "EXT 2014"]
[Source "ChessBase"]
[SourceDate "2013.11.20"]
[SourceVersion "1"]
[SourceVersionDate "2013.11.20"]
[SourceQuality "1"]

1. e4 c5 2. d4 cxd4 3. c3 d3 4. Bxd3 g6 5. c4 Bg7 6. Nc3 Nc6 7. Nf3 Nf6 8. 0-0 0-0 9. h3 d6 10. Be3 Bd7 11. Qd2 Ne8 12. Bh6 Nc7 13. Rad1 Ne6 14. Bb1 Qa5 15. Qe3 Rad8 16. Nd5 Rfe8 17. Bxg7 Kxg7 18. b4 Qa4 19. Qc3+ 1-0

[Event "Martinique-ch 29th"]
[Site "Fort de France"]
[Date "2013.05.22"]
[Round "10"]
[White "Montabord, Manuel"]
[Black "Medeuf, Yonhel"]
[Result "0-1"]
[WhiteElo "2052"]
[BlackElo "2072"]
[PlyCount "82"]
[EventDate "2013.05.18"]
[EventType "tourn"]
[EventRounds "11"]
[EventCountry "MFR"]
[SourceTitle "EXT 2014"]
[Source "ChessBase"]
[SourceDate "2013.11.20"]
[SourceVersion "1"]
[SourceVersionDate "2013.11.20"]
[SourceQuality "1"]

1. e4 c5 2. Nc3 Nc6 3. Bb5 Nd4 4. Nf3 g6 5. Nxd4 cxd4 6. Ne2 Nf6 7. Bd3 e5 8. f4 Bg7 9. 0-0 0-0 10. fxe5 Ng4 11. Bc4 Bxe5 12. h3 d3 13. hxg4 dxe2 14. Qxe2 Bd4+ 15. Rf2 d6 16. d3 Qb6 17. Bh6 Bxf2+ 18. Qxf2 Qxf2+ 19. Kxf2 Re8 20. Kf3 Be6 21. Bb5 Rec8 22. c3 Rc5 23. c4 a6 24. Ba4 b5 25. Bc2 bxc4 26. d4 Rb5 27. Rb1 Rab8 28. Bc1 d5 29. e5 Kg7 30. b3 f6 31. Bf4 Rf8 32. Kg3 f5 33. Rh1 Rf7 34. g5 Rc7 35. Bd2 Rbb7 36. Ba5 Rc8 37. b4 f4+ 38. Kf3 Rf7 39. Rh4 Bf5 40. Bxf5 Rxf5 41. e6 Re8 0-1

[Event "Martinique-ch 29th"]
[Site "Fort de France"]
[Date "2013.05.21"]
[Round "8"]
[White "Guillaume, Marvin"]
[Black "Medeuf, Yonhel"]
[Result "1-0"]
[WhiteElo "1693"]
[BlackElo "2072"]
[PlyCount "75"]
[EventDate "2013.05.18"]
[EventType "tourn"]
[EventRounds "11"]
[EventCountry "MFR"]
[SourceTitle "EXT 2014"]
[Source "ChessBase"]
[SourceDate "2013.11.20"]
[SourceVersion "1"]
[SourceVersionDate "2013.11.20"]
[SourceQuality "1"]

1. e4 e6 2. d4 d5 3. Nc3 Bb4 4. e5 c5 5. a3 Bxc3+ 6. bxc3 Ne7 7. Qg4 Qc7 8. Qxg7 Rg8 9. Qxh7 cxd4 10. Ne2 Nbc6 11. f4 dxc3 12. Qd3 Bd7 13. Nxc3 a6 14. Rb1 Rc8 15. Ne2 Nf5 16. h3 Na5 17. g4 Ba4 18. c3 Nh4 19. Qh7 Nf3+ 20. Kf2 Ke7 21. Kxf3 d4 22. Nxd4 Qxc3+ 23. Be3 Rgd8 24. Qh4+ Ke8 25. Qh8+ Ke7 26. Qf6+ Ke8 27. Rc1 Qxa3 28. Rxc8 Rxc8 29. Qh8+ Kd7 30. Qh7 Ke8 31. Qe4 Nc4 32. Bxc4 Rxc4 33. Qxb7 Rxd4 34. Rc1 Rd7 35. Rc8+ Ke7 36. Qb8 Rd3 37. Qc7+ Rd7 38. Qc5+ 1-0

[Event "Martinique-ch 29th"]
[Site "Fort de France"]
[Date "2013.05.21"]
[Round "9"]
[White "Medeuf, Yonhel"]
[Black "Rapon, Karl Loic"]
[Result "1/2-1/2"]
[WhiteElo "2072"]
[BlackElo "2069"]
[PlyCount "32"]
[EventDate "2013.05.18"]
[EventType "tourn"]
[EventRounds "11"]
[EventCountry "MFR"]
[SourceTitle "EXT 2014"]
[Source "ChessBase"]
[SourceDate "2013.11.20"]
[SourceVersion "1"]
[SourceVersionDate "2013.11.20"]
[SourceQuality "1"]

1. e4 e5 2. Nf3 Nc6 3. Bc4 Nf6 4. Ng5 Bc5 5. Nxf7 Bxf2+ 6. Kxf2 Nxe4+ 7. Kg1 Qh4 8. Qe2 Nd4 9. Qe3 Nxc2 10. Qe2 Nd4 11. Qe3 Nc2 12. Qe2 Nd4 13. Qe3 Nc2 14. Qe2 Nd4 15. Qe3 Nc2 16. Qe2 Nd4 1/2-1/2

[Event "Martinique-ch 29th"]
[Site "Fort de France"]
[Date "2013.05.18"]
[Round "2"]
[White "Medeuf, Yonhel"]
[Black "Suez Panama, Gilles"]
[Result "0-1"]
[WhiteElo "2072"]
[BlackElo "2059"]
[PlyCount "28"]
[EventDate "2013.05.18"]
[EventType "tourn"]
[EventRounds "11"]
[EventCountry "MFR"]
[SourceTitle "EXT 2014"]
[Source "ChessBase"]
[SourceDate "2013.11.20"]
[SourceVersion "1"]
[SourceVersionDate "2013.11.20"]
[SourceQuality "1"]

1. e4 e6 2. d4 d5 3. Nd2 Nf6 4. e5 Nfd7 5. Bd3 c5 6. c3 Nc6 7. Ne2 cxd4 8. cxd4 f6 9. Nf4 Nxd4 10. Qh5+ Ke7 11. exf6+ Nxf6 12. Ng6+ hxg6 13. Qxh8 Kf7 14. Nb3 Bb4+ 0-1

[Event "Schoelcher Martinique op"]
[Site "Schoelcher "]
[Date "2013.04.06"]
[Round "7"]
[White "Harper, Ryan"]
[Black "Medeuf, Yonhel"]
[Result "1-0"]
[WhiteElo "2244"]
[BlackElo "2082"]
[PlyCount "49"]
[EventDate "2013.04.03"]
[EventType "swiss"]
[EventRounds "9"]
[EventCountry "MFR"]
[SourceTitle "CBM 153 Extra"]
[Source "ChessBase"]
[SourceDate "2013.04.22"]
[SourceVersion "1"]
[SourceVersionDate "2013.04.22"]
[SourceQuality "1"]

1. e4 e6 2. d4 d5 3. Nc3 Bb4 4. e5 c5 5. a3 Bxc3+ 6. bxc3 Qc7 7. Bd2 Ne7 8. Nf3 b6 9. h4 Ba6 10. h5 Bxf1 11. Kxf1 h6 12. Qe2 Nbc6 13. dxc5 bxc5 14. c4 Nd4 15. Nxd4 cxd4 16. cxd5 exd5 17. Qb5+ Kf8 18. Bb4 Qc4+ 19. Qxc4 dxc4 20. Rd1 Rd8 21. Rh4 Ke8 22. Rdxd4 Rd5 23. Rxc4 Rxe5 24. Rhe4 f6 25. f4 1-0

[Event "Schoelcher Martinique op"]
[Site "Schoelcher "]
[Date "2013.04.05"]
[Round "6"]
[White "Medeuf, Yonhel"]
[Black "Annonay, Julien"]
[Result "1-0"]
[WhiteElo "2082"]
[BlackElo "1580"]
[PlyCount "35"]
[EventDate "2013.04.03"]
[EventType "swiss"]
[EventRounds "9"]
[EventCountry "MFR"]
[SourceTitle "CBM 153 Extra"]
[Source "ChessBase"]
[SourceDate "2013.04.22"]
[SourceVersion "1"]
[SourceVersionDate "2013.04.22"]
[SourceQuality "1"]

1. e4 d6 2. d4 Nf6 3. Nc3 Nbd7 4. f4 e5 5. Nf3 exd4 6. Qxd4 c6 7. e5 dxe5 8. fxe5 Bc5 9. Qh4 Qe7 10. Bf4 Nd5 11. Nxd5 cxd5 12. Qg3 Nxe5 13. Nxe5 f6 14. Bb5+ Kf8 15. 0-0-0 fxe5 16. Rxd5 exf4 17. Qxf4+ Kg8 18. Rd8+ 1-0

[Event "Schoelcher Martinique op"]
[Site "Schoelcher "]
[Date "2013.04.04"]
[Round "3"]
[White "Assouvie, Liliane"]
[Black "Medeuf, Yonhel"]
[Result "0-1"]
[WhiteElo "1558"]
[BlackElo "2082"]
[PlyCount "76"]
[EventDate "2013.04.03"]
[EventType "swiss"]
[EventRounds "9"]
[EventCountry "MFR"]
[SourceTitle "CBM 153 Extra"]
[Source "ChessBase"]
[SourceDate "2013.04.22"]
[SourceVersion "1"]
[SourceVersionDate "2013.04.22"]
[SourceQuality "1"]

1. e4 c5 2. Nf3 Nc6 3. d4 cxd4 4. Nxd4 e5 5. Nf5 d5 6. exd5 Bxf5 7. dxc6 Qxd1+ 8. Kxd1 bxc6 9. a3 Nf6 10. Be2 Bc5 11. Be3 Rd8+ 12. Kc1 Bxe3+ 13. fxe3 Nd5 14. Rd1 Nxe3 15. Rxd8+ Kxd8 16. Nd2 Nxc2 17. Ra2 Nd4 18. Bc4 Ke7 19. h3 Rd8 20. b4 Be6 21. Bxe6 Ne2+ 22. Kc2 Kxe6 23. Nf3 Nd4+ 24. Kc3 Nxf3 25. gxf3 Rd4 26. Ra1 Rh4 27. Rh1 Rf4 28. Kb2 Rxf3 29. h4 e4 30. h5 e3 31. Re1 Kd5 32. Kc2 Kc4 33. Rg1 Rf2+ 34. Kb1 e2 35. Rg4+ Kd3 36. Rg3+ Kd2 37. Rg4 e1Q+ 38. Kb2 Kd3+ 0-1

[Event "Martinique-ch"]
[Site "Fort de France"]
[Date "2012.05.17"]
[Round "2.1"]
[White "Medeuf, Yonhel"]
[Black "Sanikidze, Tornike"]
[Result "0-1"]
[WhiteElo "2081"]
[BlackElo "2616"]
[PlyCount "62"]
[EventDate "2012.05.??"]
[EventType "swiss"]
[EventRounds "9"]
[EventCountry "MFR"]
[SourceTitle "EXT 2014"]
[Source "ChessBase"]
[SourceDate "2013.11.20"]
[SourceVersion "1"]
[SourceVersionDate "2013.11.20"]
[SourceQuality "1"]

1. e4 g6 2. Nf3 Bg7 3. d4 d6 4. c4 Bg4 5. Be2 Nf6 6. Nc3 0-0 7. 0-0 Nfd7 8. Bg5 Bxf3 9. Bxf3 Nc6 10. Ne2 h6 11. Be3 e5 12. d5 Ne7 13. Qd2 Kh7 14. g4 Ng8 15. Kh1 Bf6 16. Rg1 Bg5 17. Rg3 Kg7 18. Ng1 Ngf6 19. h4 Bxe3 20. Qxe3 Ng8 21. g5 h5 22. Nh3 a5 23. Rag1 Ne7 24. Bxh5 gxh5 25. g6 Nxg6 26. Ng5 Nc5 27. Qf3 Qf6 28. Qg2 Rg8 29. Rf3 Nf4 30. Rxf4 exf4 31. Qf3 Kh6 0-1

[Event "FRA-ch op-A"]
[Site "Nimes"]
[Date "2009.08.12"]
[Round "2"]
[White "Guezennec, Franck"]
[Black "Medeuf, Yonhel"]
[Result "1-0"]
[WhiteElo "2178"]
[BlackElo "2081"]
[PlyCount "69"]
[EventDate "2009.08.11"]
[EventType "swiss"]
[EventRounds "11"]
[EventCountry "FRA"]
[SourceTitle "CBM 132 Extra"]
[Source "ChessBase"]
[SourceDate "2009.11.03"]
[SourceVersion "1"]
[SourceVersionDate "2009.11.03"]
[SourceQuality "1"]

1. e4 e6 2. d4 d5 3. Nd2 Nf6 4. e5 Nfd7 5. c3 c5 6. f4 Nc6 7. Ndf3 Qb6 8. g3 cxd4 9. cxd4 Bb4+ 10. Kf2 f6 11. Kg2 0-0 12. Bd3 a5 13. h4 f5 14. Ng5 Nxd4 15. Qh5 h6 16. Qg6 hxg5 17. hxg5 Nc2 18. Bxc2 Be1 19. Nh3 Qc6 20. Rxe1 Qxc2+ 21. Nf2 Nc5 22. Qh5 Ne4 23. Re2 Qc4 24. Nxe4 fxe4 25. g6 Rf5 26. Qh7+ Kf8 27. Qh8+ Ke7 28. Qxg7+ Kd8 29. Rf2 d4 30. Be3 dxe3 31. Rd1+ Qd3 32. Rxd3+ exd3 33. Rf1 e2 34. Rh1 Bd7 35. Kf2 1-0

[Event "FRA-ch op-A"]
[Site "Pau"]
[Date "2008.08.17"]
[Round "6"]
[White "Lamard, Guillaume"]
[Black "Medeuf, Yonhel"]
[Result "1/2-1/2"]
[WhiteElo "2001"]
[BlackElo "2080"]
[PlyCount "121"]
[EventDate "2008.08.11"]
[EventType "swiss"]
[EventRounds "9"]
[EventCountry "FRA"]
[SourceTitle "CBM 126 Extra"]
[Source "ChessBase"]
[SourceDate "2008.11.05"]
[SourceVersion "1"]
[SourceVersionDate "2008.11.05"]
[SourceQuality "1"]

1. d4 Nf6 2. c4 c5 3. d5 b5 4. Qc2 d6 5. e4 g6 6. Nf3 Bg7 7. cxb5 a6 8. Nc3 0-0 9. Be2 axb5 10. Bxb5 Na6 11. 0-0 Nb4 12. Qe2 e6 13. a3 exd5 14. exd5 Bb7 15. axb4 Rxa1 16. bxc5 dxc5 17. Be3 Rxf1+ 18. Qxf1 Nxd5 19. Bxc5 Nxc3 20. bxc3 Bxf3 21. Bxf8 Kxf8 22. gxf3 Bxc3 23. Qg2 Qd1+ 24. Bf1 Bd4 25. Qg5 Kg7 26. Qf4 Qa1 27. Qg3 Qe1 28. Kg2 Be5 29. Qh4 Qd2 30. Bc4 Bd4 31. Qg3 h5 32. h3 Qc2 33. Bf1 Bf6 34. Qf4 Qc5 35. Bc4 Qe7 36. Qe4 Qc5 37. Qd5 Qc7 38. Qe4 Be5 39. Qd5 Qe7 40. Qd2 Qf6 41. Qe3 Bc7 42. Qe4 Qd6 43. f4 Qf6 44. Kf3 Qh4 45. Bf1 Bb6 46. Qe5+ Kh7 47. Qb2 Bc7 48. Qd4 Qe7 49. Bc4 Qh4 50. Bf1 Qd8 51. Qe4 Bb6 52. Qc2 Qf6 53. Bc4 Kg7 54. Bf1 Qd4 55. Bc4 f6 56. Bd3 g5 57. fxg5 fxg5 58. Kg2 Qe5 59. Qc6 Qf6 60. Qxf6+ Kxf6 61. Be2 1/2-1/2

[Event "France-ch U20"]
[Site "Reims"]
[Date "2004.04.22"]
[Round "6"]
[White "Debeaune, Robin"]
[Black "Medeuf, Yonhel"]
[Result "0-1"]
[WhiteElo "2186"]
[BlackElo "2142"]
[PlyCount "68"]
[EventDate "2004.04.??"]
[EventType "swiss"]
[EventRounds "9"]
[EventCountry "FRA"]
[SourceTitle "EXT 2005"]
[Source "ChessBase"]
[SourceDate "2004.11.15"]
[SourceVersion "1"]
[SourceVersionDate "2004.11.15"]
[SourceQuality "1"]

1. e4 e6 2. Nf3 d5 3. e5 c5 4. b4 cxb4 5. a3 Nc6 6. axb4 Bxb4 7. c3 Be7 8. d4 Nh6 9. Bd3 Nf5 10. Na3 f6 11. Nb5 fxe5 12. dxe5 0-0 13. h4 Bd7 14. Qe2 a6 15. Nbd4 Ncxd4 16. Nxd4 Nxd4 17. cxd4 Bb5 18. Bxb5 Bb4+ 19. Bd2 Bxd2+ 20. Qxd2 axb5 21. Rxa8 Qxa8 22. 0-0 Qa4 23. Rc1 h6 24. Qd3 b4 25. Rc7 Rf7 26. Rc8+ Rf8 27. Qg6 Qd7 28. Rc2 Rc8 29. h5 Rxc2 30. Qxc2 Qc6 31. Qg6 b3 32. Kh2 b2 33. g3 Kf8 34. Qd3 Qb6 0-1

[Event "France-ch U20"]
[Site "Reims"]
[Date "2004.04.19"]
[Round "2"]
[White "Plantet, Sebastien"]
[Black "Medeuf, Yonhel"]
[Result "1-0"]
[WhiteElo "2308"]
[BlackElo "2142"]
[PlyCount "53"]
[EventDate "2004.04.??"]
[EventType "swiss"]
[EventRounds "9"]
[EventCountry "FRA"]
[SourceTitle "EXT 2005"]
[Source "ChessBase"]
[SourceDate "2004.11.15"]
[SourceVersion "1"]
[SourceVersionDate "2004.11.15"]
[SourceQuality "1"]

1. c4 Nf6 2. Nc3 c5 3. Nf3 Nc6 4. g3 g6 5. Bg2 Bg7 6. d4 cxd4 7. Nxd4 0-0 8. 0-0 Qb6 9. Ndb5 a6 10. Na4 Qd8 11. Nd4 Qc7 12. c5 d6 13. cxd6 exd6 14. Bf4 Rd8 15. Rc1 Bd7 16. Be3 Rab8 17. Nf3 b5 18. Nd4 Qa5 19. Nxc6 Bxc6 20. Rxc6 bxa4 21. Bd4 Qb5 22. e3 Rd7 23. Qc2 Nd5 24. Rd1 Bxd4 25. Rxd4 Nb4 26. Rc8+ Kg7 27. Rxb8 1-0